000 00804nam a2200301Ia 4500
005 20250425162525.0
008 250425s9999 xx 000 0 und d
020 _a9702605369
041 _aspa
082 _a574.5
100 _aVALVERDE VALDES, TERESA
245 0 _aECOLOGÍA Y MEDIO AMBIENTE
250 _a1A ED.
260 _aMEXICO
260 _aMéxico
_bPEARSON
_c2005
300 _a230
500 _aLIBRO 56315 PERDIDO POR MERCY BORBOR Y REPUESTO POR OTRO D-108036
650 _aCONSERVACION DE LA BIODIVERSIDAD
650 _aCONTAMINACION AMBIENTAL
650 _aECOLOGIA
650 _aMEDIO AMBIENTE
650 _aRECURSOS NATURALES
700 _aCANO-SANTANA, ZENON
700 _aCARABIAS LILO, JULIA
700 _aMEAVE, JORGE A.
942 _c01
010 _a81665
999 _c230974
_d230974